TCT-Newsletter : Third Country training

Αποθηκεύτηκε σε:
Λεπτομέρειες βιβλιογραφικής εγγραφής
Συγγραφή απο Οργανισμό/Αρχή: European Productivity Agency Third Country Training Section
Μορφή: Βιβλίο
Γλώσσα:English
Δημοσίευση: Paris : Organization for European Economic Cooperation, [1960]
Θέματα:
Ετικέτες: Προσθήκη ετικέτας
Δεν υπάρχουν, Καταχωρήστε ετικέτα πρώτοι!

MARC

LEADER 00000cam a2200000 i 4500
001 1/90840
008 080710s1960 eng d
035 |l 10098872 
040 |a GR-MY-UA  |b gre  |e aacr 
041 0 |a eng 
082 0 |a 370.113  |2 (22) 
245 1 0 |a TCT-Newsletter :  |b Third Country training /  |c European Productivity Agency. Third Country Training Section 
260 |a Paris :   |b Organization for European Economic Cooperation,   |c [1960] 
300 |a 165 σ.;  |c 24 εκ. 
500 |a Άνω του τίτλου: Training possibilities in Europe, August 1960, No.2 
650 0 0 |a Vocational education  |z Europe. 
710 1 |a European Productivity Agency  |b Third Country Training Section. 
852 |a INST  |b RHODES  |c AKA  |e 20080710  |h  370.113 TCT  |p 005400027741  |q 005400027741  |t BK  |y 0 
901 |a BIBL4-2008-2 
909 |a Ρ  |b 150798 
970 |a ΚΟΖΑ  |b ΜΑΡΙΑ  |z 2008/07/10